Statistics for Young Justice League

Click here to take the quiz!

General Stats

  • This quiz has been taken 146 times
    (144 since last reset)
  • The average score is 6 of 6

Answer Stats

HintAnswer% Correct
Boy wonderRobin
99%
Clone of man of steelSuperboy
98%
Son of the king of the seasAqualad
94%
Son of the scarlet speedsterKid Flash
92%
Cousin of man of steelSupergirl
90%
Daughter of manhunter from marsMiss Martian
78%

Score Distribution

Percentile by Number Answered

Percent of People with Each Score

Your Score History

You have not taken this quiz since the last reset